Most Broken Brawler's in Brawl Stars history - Statistics

General Stats
  • This quiz has been taken 66 times
  • The average score is 5 of 15
Answer Stats
Answer % Correct
Leon
85%
Larry & Laurie
58%
Rosa
57%
Kit
55%
Shelly
42%
Colt
40%
Lily
23%
Chester
21%
Hank
19%
Meg
17%
Stu
15%
Bonnie
9%
Darryl
9%
Buster
8%
Willow
6%
No matching quizzes found
Score Distribution
Percent of People with Each Score
Percentile by Number Answered
Your Score History
You have not taken this quiz